000 00387nam a2200145Ia 4500
008 220120s9999||||xx |||||||||||||| ||und||
020 _a9788120337756
082 _a006.6 HEA
100 _aHearn, Donald and Baker, Pauline M
_912866
245 0 _aComputer Graphics with Open GL
250 _a3
260 _aPearson
_bNew delhi
_c2011
300 _axvii;645
_b395
650 _aMECHANICAL
999 _c132577
_d132577